NFL Week 7 Fantasy Leaders 2025-2026 - Statistics

General Stats
  • This quiz has been taken 200 times
  • The average score is 11 of 20
Answer Stats
Position Points Player % Correct
QB 40 Bo Nix
81%
WR 38.1 Ja'Marr Chase
81%
RB 34.2 Jonathan Taylor
79%
QB 26.2 Patrick Mahomes
77%
RB 39.1 Christian McCaffrey
70%
WR 33.3 DeVonta Smith
70%
RB 36.8 Jahmyr Gibbs
70%
WR 28.9 Keenan Allen
69%
WR 28.1 AJ Brown
65%
TE 29.4 Trey McBride
62%
WR 26.3 Jaxon Smith-Njigba
57%
QB 29.9 Justin Herbert
57%
WR 26.5 Davante Adams
50%
QB 27.4 Matthew Stafford
50%
QB 26 Joe Flacco
48%
QB 29.4 Jaxson Dart
45%
RB 26.5 Quinshon Judkins
31%
TE 29.4 Oronde Gadsden
28%
WR 26.8 Chris Olave
17%
TE 28.1 Pat Freiermuth
12%
No matching quizzes found
Score Distribution
Percent of People with Each Score
Percentile by Number Answered
Your Score History
You have not taken this quiz